000 00655nam a2200217Ia 4500
005 20250508164435.0
008 008 250505s9999 xx 000 0 eng d
020 _a0-7619-3216-X
037 _aTextual
040 _aFEDL
_beng
_cFEDL
041 _aeng
_2eng
084 _a378.54, AMR
_qFEDL
100 _aAmrik Singh
245 0 _aFifty years of higher education in India: The role of the University Grants Commission
260 _aNew Delhi, India
_bSage Publications
_c2004
300 _a257p.
365 _aINR
_b595
650 _aHigher education - India
_9227200
942 _cTEXL
_h378.54, AMR
999 _c1389146
_d1389146